| 000 | 01123nas1a22003011i 4500 | ||
|---|---|---|---|
| 001 | RU\NLR\INFOCOMM_33\5000097944 | ||
| 005 | 20240726074238.0 | ||
| 035 | _a(NLR Aleph) 004047129 | ||
| 090 |
_a2945613 _c2945613 |
||
| 100 | _a20060419c1876 |||y0rusy50 ba | ||
| 101 | 0 | _ager | |
| 102 | _aRU | ||
| 110 | _aayuz|||0|y| | ||
| 200 | 1 |
_aSt. Petersburger Medicinische Wochenschrift _fRedacteur Dr. E. Moritz |
|
| 207 | 0 | _aI Jahrg.-IV (1876-1879), 1880-1911, 37-39 (1912-1914) | |
| 210 |
_aSt. Petersburg _d1876- |
||
| 215 | _d4° | ||
| 421 | 0 |
_12001#$aRevue der Russischen Medicinischen _tRevue der Russischen Medicinischen |
|
| 440 | 0 |
_12001#$aSt. Petersburger Medicinische Zeitschrift _tSt. Petersburger Medicinische Zeitschrift |
|
| 702 | 1 |
_aMoritz _bE. _4340 |
|
| 801 | 1 |
_aRU _bInfoComm _c20060419 |
|
| 801 | 0 |
_aRU _bNLR _gPSBO |
|
| 852 |
_aNLR _j26.II.a.5.1 |
||
| 942 | _cJOURNAL | ||
| 980 | _aINPER | ||